Aktivity v kartografii 2006 : Zborník referátov zo seminára.Bratislava,27.9.2006
Saved in:
| Other Authors: | , |
|---|---|
| Format: | Book |
| Language: | Slovak |
| Published: |
Bratislava :
Veda,
2006
|
| Tags: |
No Tags, Be the first to tag this record!
|
MARC
| LEADER | 00000nam a22000003a 4500 | ||
|---|---|---|---|
| 001 | stu133850 | ||
| 005 | 20150617225918.7 | ||
| 008 | 061228s2006----xo------------------slo-d | ||
| 020 | |a 80-89060-09-9 | ||
| 040 | |a STU |b slo | ||
| 041 | 0 | |a slo | |
| 044 | |a xo | ||
| 080 | |a 528.9 | ||
| 080 | |a 061.3(437.6) | ||
| 100 | 1 | |a Feranec, Ján, |d 1951- |4 edt |X 55286 |7 A000055286 | |
| 245 | 1 | |a Aktivity v kartografii 2006 : |b Zborník referátov zo seminára.Bratislava,27.9.2006 | |
| 260 | |a Bratislava : |b Veda, |c 2006 | ||
| 300 | |a 233 s.;obr.,tab.,schémy | ||
| 700 | 1 | |a Pravda, Ján |4 edt | |
| 996 | |b 284V017830 |c V*1716/sc-06 |l VVT |s A |a 24 |w stu133850_0001 | ||